Statistics for Deadliest dictators quiz

Click here to take the quiz!

General Stats

  • This quiz has been taken 63 times
  • The average score is 7 of 10

Answer Stats

DeathsLocationAnswer% Correct
13,038,405USSRJoseph Stalin
100%
47,263,517ChinaMao Zedong
100%
13,674,790Occupied EuropeAdolf Hitler
92%
1,576,388North KoreaKim Ilsung
88%
2,039,657Democratic KampucheaPol Pot
68%
10,488,090Congo Free StateKing Leopold II
66%
1,161,895Russian EmpireTsar Nicholas II
60%
9,317,081Around East AsiaEmperor Hirohito and Hideiki Tojo
54%
10,511,124ChinaChiang Kai-Shek
46%
1,989,284Ottoman EmpireIsmail Enver Pasha
26%

Score Distribution

Percentile by Number Answered

Percent of People with Each Score

Your Score History

You have not taken this quiz